| 000 | 00864nam a2200181Ia 4500 | ||
|---|---|---|---|
| 008 | 100921s9999 xx 000 0 und d | ||
| 082 |
_b25413 _a891.465 थ 89 |
||
| 100 | _aखोबरेकर वि.गो.संपा. | ||
| 245 | _aयशवंतराव चव्हाण-विधीमंडळातील भाषणे-1-1946-1962. | ||
| 260 |
_bयशवंतराव चव्हाण प्रतिष्ठान,मुंबई. _c1989 |
||
| 300 |
_a311 _b--- |
||
| 365 | _b200 | ||
| 520 | _aललित-भाषणे. | ||
| 630 | _aयशवंतराव चव्हाण-विधीमंडळातील भाषणे-1-1946-1962. | ||
| 650 | _aललित-भाषणे. | ||
| 730 | _aयशवंतराव चव्हाण-विधीमंडळातील भाषणे-1-1946-1962. | ||
| 942 | _cBOOK | ||
| 999 |
_c774526 _d774523 |
||